'-IM' Words by Definition Quiz Stats

 Plays Quiz not verified by Sporcle

Also try: Words of the Year
Challenge
Share
Tweet
Embed
Score 0/8 Timer 03:00
0 Plays Today
% Correct
Him
97.8%
Aim
96.7%
Dim
96.7%
Rim
94.4%
Vim
90%
Sim
87.8%
Nim
85.6%
Mim
83.3%

You're not logged in!

Compare scores with friends on all Sporcle quizzes.
OR
Log In

You Might Also Like...

Show Comments

Extras

Top Quizzes Today


Score Distribution

Your Account Isn't Verified!

In order to create a playlist on Sporcle, you need to verify the email address you used during registration. Go to your Sporcle Settings to finish the process.

Report this User

Report this user for behavior that violates our Community Guidelines.

Details: